U.S. States With The Most Power Outages - Statistics

General Stats
  • This quiz has been taken 23 times
  • The average score is 12 of 15
Answer Stats
Answer % Correct
Texas
100%
California
90%
Mississippi
90%
Nebraska
90%
Oklahoma
85%
Kansas
80%
Louisiana
80%
Missouri
80%
Oregon
80%
Arkansas
75%
Maine
75%
Minnesota
70%
New Hampshire
70%
Pennsylvania
65%
Washington
55%
No matching quizzes found
Score Distribution
Percent of People with Each Score
Percentile by Number Answered
Your Score History
You have not taken this quiz